Top 20 meilleurs jeux Mobiles - Statistiques

Statistiques générales
  • Ce quiz a été pris 231 fois
  • Le résultat moyen est 3 sur 20
Statistiques - réponses
Classement Jeux Mobiles % Correct
Numéro 4 Brawl Stars
77%
Numéro 7 Clash Of Clans
68%
Numéro 6 Clash Royale
66%
Numéro 5 Hay Day
30%
Numéro 8 Boom Beach
28%
Numéro 9 Minecraft
23%
Numéro 16 Angry Birds
21%
Numéro 1 Jetpack Joyride
13%
Numéro 10 Asphalt 9 : Legends
5%
Numéro 20 Agar.Io
2%
Numéro 15 Cut The Rope
2%
Numéro 17 Pixel Gun 3D
2%
Numéro 18 Shadow Fight 2
2%
Numéro 3 Vector
2%
Numéro 19 3D Bowling
1%
Numéro 14 Arena Of Valor
1%
Numéro 2 Beat The Boss
1%
Numéro1 3 Mobile Legends : Bang Bang
1%
Numéro 12 N.O.V.A Legacy
1%
Numéro 11 Respawnables
1%
Aucun quiz correspondant
Distribution des résultats
% des personnes avec chaque résultat
Percentile par nombre de réponses
Votre historique - résultats
Vous n’avez pas pris ce quiz